00317nam a2200121Ia 4500008004100000041000800041082001600049100001900065245004500084260004400129300001300173365000900186240624s9999 xx 000 0 und d aeng a303.484 DAV aDAVIS GERALD F aSOCIAL MOVEMENTS AND ORGANIZATION THEORY c2005aDelhibCambridge University Press a454 : p. cb28